00813nac a22002417a 4500001001000000003000900010005001700019008003400036040005400070072000800124110010500132245007100237260003600308300001000344490012600354500001900480650001100499650001200510650001100522650001100533650001600544650001100560BR7603704BR-BrBNA20240105113956.0230509b bl.|||m| |||| 00| 0 por d aBR-BrBNAbporcBiblioteca Nacional de Agricultura aL731 aSecretaria de Estado da Agricultura, Curitiba, PR (Brasil). Coordenadoria de Defesa Sanitaria Animal1 aProjeto febre aftosa. Agosto 1976 [bovino, vacina, Parana, Brasil]3 aCuritiba, PR (Brasil): c1976.  a24 p. aProjeto Febre Aftosa - Secretaria de Estado da Agricultura. Coordenadoria de Defesa Sanitaria Animal (Brazil)vv. 3(32)x aNumerical data aAFTOSA aREBANHO aBOVINO aVACINA aDIAGNOSTICO aPARANA